000 00728nam a22001817a 4500
999 _c2343
_d2343
003 AR-CdUCM
008 190304b ||||| |||| 00| 0 eng d
040 _aMUNICIPALIDAD PROVINCIAL DEL CUSCO
_cBIBLIOTECA MUNICIPAL DEL CUSCO
082 _a342.2 /
_bF51
100 _aDreier, John C. (Copilador)
_98441
245 _aLa Alianza para el Progreso :
_bProblemas y Perspectivas /
260 _aMéxico :
_bNovaro México S.A ,
_c1962.
300 _a188 páginas ;
_c16.5 cm.
505 _aContenido: El Periodo de Intervencion -- Raices Historicas -- Asuntos Mundiales -- Cambios Sociales -- Aspectos Economicos -- Carta de punta del Este...
650 _aRaices Historicas
_98442
942 _2ddc
_cLIBROS
945 _artm
_d2019-02-04